00967nac a22002171u 4500020001500000082002100015090001500036100003400051245014200085260006600227300003200293500002600325504005100351511002600402650006700428650005800495700003200553942002400585999001500609952012500624 a0412718405 a658.0480941bOSB c6207d6207 a20080729  aManaging in the voluntary sector :b a handbook for managers in charitable and non-profit organizations /c edited by Stephen P. Osborne aLondon :b International Thomson Business Press, 1996.c1996 axii,281p. :b ill. ;c 24cm adistributer: Al-Ahram aIncludes bibliographical references and index. acatalogued by: wessam aAssociations, institutions, etc.x Management.z Great Britain aNonprofit organizationsx Management.z Great Britain aOsborne, Stephen P.,d1953- cBBk658.0480941 OSB c6207d6207 00104070aMAINbMAINc1STd2007-11-18ePurchasel1m8o658.0480941 OSBp000007262r2025-07-15 00:00:00s2014-02-24yBB